Introduction to medical-surgical nursing / (Record no. 18419)
[ view plain ]
| 000 -LEADER | |
|---|---|
| fixed length control field | 00914cam a2200289 a 4500 |
| 001 - CONTROL NUMBER | |
| control field | 16487397 |
| 005 - DATE AND TIME OF LATEST TRANSACTION | |
| control field | 20201128021102.0 |
| 008 - FIXED-LENGTH DATA ELEMENTS--GENERAL INFORMATION | |
| fixed length control field | 100930t2012 moua frbd 001 0 eng d |
| 010 ## - LIBRARY OF CONGRESS CONTROL NUMBER | |
| LC control number | 2010042069 |
| 020 ## - INTERNATIONAL STANDARD BOOK NUMBER | |
| International Standard Book Number | 9781437717082 |
| 040 ## - CATALOGING SOURCE | |
| Original cataloging agency | DNLM/DLC |
| Transcribing agency | DLC |
| Modifying agency | EG-SCBUE |
| 082 00 - DEWEY DECIMAL CLASSIFICATION NUMBER | |
| Classification number | 617.0231 |
| Item number | LIN |
| Edition number | 22 |
| 100 1# - MAIN ENTRY--PERSONAL NAME | |
| Personal name | Linton, Adrianne Dill |
| 9 (RLIN) | 36116 |
| 245 10 - TITLE STATEMENT | |
| Title | Introduction to medical-surgical nursing / |
| Statement of responsibility, etc | Adrianne Dill Linton. |
| 246 30 - VARYING FORM OF TITLE | |
| Title proper/short title | Medical-surgical nursing |
| 250 ## - EDITION STATEMENT | |
| Edition statement | 5th ed. |
| 260 ## - PUBLICATION, DISTRIBUTION, ETC. (IMPRINT) | |
| Place of publication, distribution, etc | Missouri : |
| Name of publisher, distributor, etc | Saunders / Elsevier, |
| Date of publication, distribution, etc | c.2012 |
| Place of manufacture | ([Ottawa]) |
| 300 ## - PHYSICAL DESCRIPTION | |
| Extent | xviii, 1422 p. : |
| Other physical details | ill. (col.) ; |
| Dimensions | 29 cm. |
| 500 ## - GENERAL NOTE | |
| General note | Glossary : p. 1370-1383. |
| 500 ## - GENERAL NOTE | |
| General note | Index : p. 1384-1422. |
| 504 ## - BIBLIOGRAPHY, ETC. NOTE | |
| Bibliography, etc | Includes bibliographical references. |
| 650 #7 - SUBJECT ADDED ENTRY--TOPICAL TERM | |
| Topical term or geographic name as entry element | Nursing |
| 9 (RLIN) | 2162 |
| Source of heading or term | BUEsh |
| 651 ## - SUBJECT ADDED ENTRY--GEOGRAPHIC NAME | |
| Source of heading or term | BUEsh |
| 653 ## - INDEX TERM--UNCONTROLLED | |
| Resource For college | Nursing |
| Arrived date list | September2014 |
| -- | April2015 |
| 655 ## - INDEX TERM--GENRE/FORM | |
| Form subdivision | |
| -- | 34232 |
| 942 ## - ADDED ENTRY ELEMENTS (KOHA) | |
| Source of classification or shelving scheme | Dewey Decimal Classification |
| Call number prefix | 617.0231 LIN |
| Withdrawn status | Item status | Source of classification or shelving scheme | Damaged status | Not for loan | Vendor | Home library | Current library | Shelving location | Date acquired | Source of acquisition | Cost, normal purchase price | Serial Enumeration / chronology | Total Checkouts | Total Renewals | Full call number | Barcode | Date last seen | Date last borrowed | Cost, replacement price | Koha item type |
|---|---|---|---|---|---|---|---|---|---|---|---|---|---|---|---|---|---|---|---|---|
| Dewey Decimal Classification | Baccah | Central Library | Central Library | First floor | 29/09/2014 | 568.00 | 20526 | 6 | 11 | 617.0231 LIN | 000036427 | 15/07/2025 | 22/09/2019 | 710.00 | Book - Borrowing | |||||
| Dewey Decimal Classification | Baccah | Central Library | Central Library | First floor | 19/02/2015 | 568.00 | 21961 | 5 | 30 | 617.0231 LIN | 000037482 | 15/07/2025 | 11/09/2019 | 710.00 | Book - Borrowing | |||||
| Dewey Decimal Classification | Baccah | Central Library | Central Library | First floor | 19/02/2015 | 568.00 | 21961 | 3 | 5 | 617.0231 LIN | 000037483 | 15/07/2025 | 15/12/2015 | 710.00 | Book - Borrowing | |||||
| Dewey Decimal Classification | ايمك | Central Library | Central Library | First floor | 21/04/2015 | 947.00 | 2446 | 2 | 8 | 617.0231 LIN | 000038040 | 15/07/2025 | 13/03/2018 | 1183.75 | Book - Borrowing |